Holenderskie terytoria zależne - Statystyki

Ogólne statystyki
  • Ten quiz został rozwiązany 37 razy
    35 od ostatniego zresetowania
  • Średni wynik to 4 z 6
Statystyki odpowiedzi
Odpowiedź % Poprawnych
Curaçao
100%
Aruba
88%
Sint Maarten
69%
Bonaire
63%
Saba
63%
Sint Eustatius
44%
Nie znaleziono quizów pasujących do podanych kryteriów
Rozkład punktacji
Procent ludzi z każdym wynikiem
Percentyl według liczby udzielonych odpowiedzi
Twoja historia wyników
Nie rozwiązałeś tego quizu od ostatniego zresetowania